Résumé express : quel est ce film ? 3 - Statistiques

Statistiques générales
  • Ce quiz a été pris 119 fois
  • Le résultat moyen est 8 sur 17
Statistiques - réponses
Résumé en 5 mots Film % Correct
Chocolat. Usine. Bizarres. Enfants punis. Charlie et la Chocolaterie
87%
Clown. Maison. Flotte. Égouts. Terreur. Ça
84%
Lune. Vélo. Peur. Doigt rouge. E.T
80%
Téléphone. Plombier. Champignon. Tortue géante. Super Mario Bros
72%
Père poisson. Mémoire. Tortue. Océan. Le Monde de Nemo
67%
Marteau. Tonnerre. Frère. Chèvre. Norvège. Thor : Ragnarok
67%
Monstre. Amour. Mains-ciseaux. Neige. Edward aux mains d’argent
59%
Ours. Forêt. Miel. Ennui. Philosophie. Winnie l’Ourson
55%
Fantômes. Ville. Slime. Aspirateur chelou. SOS Fantômes
48%
Chat. Fou. Thé. Porte minuscule. Alice au Pays des Merveilles
46%
Méchants. Mission. Explosion. Masques. Moto. Mission Impossible
45%
Mec costumé. Chatte. Pingouin politique. Batman : Le Défi
39%
Argent. Drogue. Yacht. Hurlements. Lamborghini. Le Loup de Wall Street
37%
Magicien. Cerveau. Lion. Tempête. Jaune. Le Magicien d’Oz
27%
Peinture. Horreur. Maison. Famille. Rideaux. Conjuring
14%
Bébé. Cigogne. Vélo. Maison. Rêve. Dumbo
9%
Gamin magique. Dragon. Chance. Fantaisie. L’Histoire sans fin
8%
Aucun quiz correspondant
Distribution des résultats
% des personnes avec chaque résultat
Percentile par nombre de réponses
Votre historique - résultats
Vous n’avez pas pris ce quiz